| 000 | 00481nam a2200169Ia 4500 | ||
|---|---|---|---|
| 003 | GCL | ||
| 008 | 140319s9999 xx 000 0 eng d | ||
| 040 |
_aGCL / _cGCL |
||
| 082 | 0 | 4 |
_a418.007 _bC S |
| 100 | 1 | _aCOOK, VIVIAN | |
| 245 | 1 | 0 |
_aSECOND LANGUAGE LEARNING AND LANGUAGE TEACHING / _cCOOK, VIVIAN |
| 260 |
_a[S.N] : _bARNOLD PUBLISHERS ، _c1996 |
||
| 300 | _a225 P | ||
| 650 | 0 | 4 | _aSECOND LANGUAGE ACQUISITION |
| 650 | 0 | 4 | _aLANGUAGE AND LANGUAGES - STUDY |
| 942 |
_2ddc _cBK |
||
| 999 |
_c12966 _d12966 |
||